[Event "2nd American Continental"]
[Site "Buenos Aires ARG"]
[Date "2003.08.28"]
[Round "10"]
[White "Plazaola, Maria De los Angeles"]
[Black "Arambel, Sergio Javier"]
[Result "0-1"]
[WhiteElo "2047"]
[BlackElo "2245"]
[EventDate "2003.08.17"]
[PlyCount "87"]

1.e4 c5 2.Nf3 e6 3.d4 cxd4 4.Nxd4 a6 5.Nc3 Qc7 6.g3 b5 7.Bg2 Bb7 8.O-O Nc6
9.Be3 Nf6 10.a3 Ne5 11.Bf4 d6 12.Qe2 Be7 13.Rad1 O-O 14.Bc1 Rac8 15.f4 Nc4
16.Rd3 Nd7 17.b3 Ncb6 18.Bb2 Bf6 19.Rfd1 Rfd8 20.g4 g6 21.f5 Ne5 22.Rg3 
exf5 23.gxf5 Nc6 24.Nxc6 Qxc6 25.Kh1 Be5 26.Rh3 Qe8 27.Qg4 Nd7 28.fxg6 
fxg6 29.Rf1 Qe7 30.Rhf3 Rf8 31.Bh3 Rxf3 32.Rxf3 Nf8 33.Re3 Qg7 34.Qf3 Rc7 
35.Nd5 Bxb2 36.Nxc7 Qxc7 37.Qe2 Be5 38.Rf3 Qe7 39.c4 Ne6 40.Bxe6+ Qxe6 41.
cxb5 axb5 42.Re3 Bd4 43.h3 Bxe3 44.Qxe3 0-1

[Event "2nd American Continental"]
[Site "Buenos Aires ARG"]
[Date "2003.08.28"]
[Round "10"]
[White "Ripari, Marcelo"]
[Black "Campitelli, Guillermo"]
[Result "1-0"]
[WhiteElo "2319"]
[BlackElo "2190"]
[EventDate "2003.08.17"]
[PlyCount "83"]

1.e4 c5 2.Nf3 Nc6 3.d4 cxd4 4.Nxd4 g6 5.c4 Nf6 6.Nc3 Nxd4 7.Qxd4 d6 8.Be3 
Bg7 9.Be2 O-O 10.Qd2 Qa5 11.O-O Be6 12.Rab1 Ng4 13.Nd5 Qxd2 14.Bxd2 Bxd5 
15.cxd5 Nf6 16.f3 Nd7 17.Be3 Rfc8 18.Rf2 Nc5 19.b3 f5 20.exf5 gxf5 21.Rff1
Nd7 22.Bd3 Rf8 23.g4 f4 24.Bf2 Ne5 25.Be4 Rac8 26.Rfc1 a6 27.Kg2 Bf6 28.h4
h6 29.Bf5 Ra8 30.a4 b5 31.a5 Kg7 32.Rc7 Ng6 33.Kh3 Ne5 34.Be4 Kf7 35.Rbc1 
Rfb8 36.Kg2 Ng6 37.h5 Ne5 38.Bf5 Bg5 39.Rc8 b4 40.Bb6 Rxc8 41.Rxc8 Rxc8 
42.Bxc8 1-0

[Event "2nd American Continental"]
[Site "Buenos Aires ARG"]
[Date "2003.08.28"]
[Round "10"]
[White "Scarella, Enrique Alejandro"]
[Black "Spangenberg, Hugo"]
[Result "1/2-1/2"]
[WhiteElo "2374"]
[BlackElo "2495"]
[EventDate "2003.08.17"]
[PlyCount "89"]

1.Nf3 c5 2.c4 g6 3.d4 Bg7 4.e4 cxd4 5.Nxd4 Nf6 6.Nc3 O-O 7.Be2 d6 8.Be3 b6
9.O-O Bb7 10.f3 Nbd7 11.Qd2 Re8 12.Rfd1 a6 13.Bf1 e6 14.Nc2 Bf8 15.Qf2 Qc7
16.Rd2 Rac8 17.Rad1 Be7 18.Kh1 h5 19.Re1 Ba8 20.Bd4 Rb8 21.Qg3 Ne5 22.Na3 
h4 23.Qf2 g5 24.Red1 Rec8 25.Qe3 Ng6 26.Ne2 Nd7 27.Bc3 Nde5 28.Bb4 Rd8 29.
Nd4 Rd7 30.g3 Rbd8 31.Rg2 hxg3 32.Rxg3 Kg7 33.Rxg5 Bxg5 34.Qxg5 Nc6 35.
Nxc6 Qxc6 36.Bh3 Re7 37.Rg1 Rh8 38.Qxe7 Rxh3 39.Bxd6 Rxf3 40.Qf8+ Kh7 41.
Rxg6 Kxg6 42.Qg8+ Kf6 43.Qh8+ Kg6 44.Qg8+ Kf6 45.Qh8+ 1/2-1/2

[Event "2nd American Continental"]
[Site "Buenos Aires ARG"]
[Date "2003.08.28"]
[Round "10"]
[White "Shabalov, Alexander"]
[Black "Gonzalez Garcia, Jose"]
[Result "1/2-1/2"]
[WhiteElo "2575"]
[BlackElo "2429"]
[EventDate "2003.08.17"]
[PlyCount "84"]

1.e4 c5 2.Nf3 d6 3.d4 cxd4 4.Nxd4 Nf6 5.Nc3 Nc6 6.Bg5 e6 7.Qd2 Be7 8.O-O-O
O-O 9.f3 a6 10.h4 Nxd4 11.Qxd4 Qc7 12.Kb1 b5 13.Qd2 b4 14.Ne2 Rd8 15.g4 a5
16.Nd4 e5 17.Nf5 Bxf5 18.exf5 Ne8 19.Bb5 Rac8 20.Qe2 d5 21.Bxe8 Rxe8 22.
Rxd5 f6 23.Bc1 a4 24.b3 axb3 25.cxb3 Red8 26.Rxd8+ Rxd8 27.Rd1 Rxd1 28.
Qxd1 Qc6 29.Qd3 Kf8 30.Bd2 Qc5 31.Be3 Qc6 32.Qe4 Qb5 33.Bd2 Qf1+ 34.Kb2 
Qf2 35.Kc2 Qa7 36.Kb1 Qg1+ 37.Bc1 h6 38.Qe2 Qh1 39.h5 Kg8 40.f4 e4 41.Kb2 
Kh7 42.Be3 Bd6 1/2-1/2

[Event "2nd American Continental"]
[Site "Buenos Aires ARG"]
[Date "2003.08.28"]
[Round "10"]
[White "Sosa Harrison, Jorge"]
[Black "Chtcherbine, Andrei"]
[Result "1-0"]
[WhiteElo "2294"]
[BlackElo "2156"]
[EventDate "2003.08.17"]
[PlyCount "105"]

1.Nf3 c5 2.c4 g6 3.Nc3 Bg7 4.g3 Nc6 5.Bg2 e6 6.d3 Nge7 7.O-O O-O 8.Bd2 a6 
9.Rb1 Rb8 10.Bf4 d6 11.Qc1 Nf5 12.a3 e5 13.Bg5 f6 14.Bd2 Nfd4 15.Nxd4 exd4
16.Nd5 Bg4 17.Re1 Ne5 18.f3 Be6 19.f4 Nd7 20.b4 b6 21.e4 Bxd5 22.exd5 Re8 
23.Qc2 b5 24.Re6 Nf8 25.Rxe8 Qxe8 26.bxc5 dxc5 27.cxb5 Rxb5 28.Rxb5 Qxb5 
29.Qc4 Nd7 30.Bh3 f5 31.Qxb5 axb5 32.g4 Nf6 33.gxf5 Nxd5 34.fxg6 Nb6 35.
Be6+ Kh8 36.f5 hxg6 37.fxg6 c4 38.h4 cxd3 39.Kf2 Nc4 40.Bb4 d2 41.Ke2 Bh6 
42.Bxc4 bxc4 43.Bxd2 d3+ 44.Kd1 Bg7 45.a4 Bd4 46.Bh6 c3 47.a5 Kg8 48.h5 
Bc5 49.a6 Bd4 50.Bd2 c2+ 51.Kc1 Bc5 52.Kb2 Bd4+ 53.Kb3 1-0

[Event "2nd American Continental"]
[Site "Buenos Aires ARG"]
[Date "2003.08.28"]
[Round "10"]
[White "Szmetan, Jorge"]
[Black "Pedro, Fernando"]
[Result "1-0"]
[WhiteElo "2408"]
[BlackElo "2273"]
[EventDate "2003.08.17"]
[PlyCount "71"]

1.Nf3 d6 2.d4 g6 3.g3 Bg7 4.Bg2 Nf6 5.O-O O-O 6.c4 Nc6 7.Nc3 a6 8.b3 Rb8 
9.Bb2 Bd7 10.d5 Na5 11.Nd2 c5 12.Qc2 b5 13.Rab1 Qc8 14.Rfe1 Bh3 15.Bh1 Ng4
16.Nd1 Bxb2 17.Rxb2 Qc7 18.f3 Ne5 19.f4 Ng4 20.e4 bxc4 21.bxc4 Rb4 22.a3 
Rxb2 23.Nxb2 Rb8 24.Nd3 f6 25.Bf3 Rb7 26.Qc3 Qb6 27.e5 Nb3 28.Bxg4 Nxd2 
29.Qxd2 Bxg4 30.exf6 exf6 31.Nf2 Bf3 32.Qc3 Qb3 33.Qxf6 Rb8 34.Qe6+ Kg7 
35.Qe7+ Kg8 36.Qxd6 1-0

[Event "2nd American Continental"]
[Site "Buenos Aires ARG"]
[Date "2003.08.28"]
[Round "10"]
[White "Szmetan, Ricardo"]
[Black "Garcia Palermo, Carlos"]
[Result "1/2-1/2"]
[WhiteElo "2288"]
[BlackElo "2443"]
[EventDate "2003.08.17"]
[PlyCount "83"]

1.d4 e6 2.c4 Bb4+ 3.Nd2 c5 4.a3 Bxd2+ 5.Qxd2 cxd4 6.Nf3 Nf6 7.Nxd4 O-O 8.
e3 b6 9.Be2 Bb7 10.O-O d5 11.cxd5 Ne4 12.Qd1 exd5 13.b4 Nd7 14.Bb2 a5 15.
Nf5 f6 16.Bd3 axb4 17.axb4 Rxa1 18.Bxa1 Ba8 19.Bxe4 dxe4 20.Qg4 g6 21.Rd1 
Kh8 22.Nh6 Bc6 23.Qe6 Ba4 24.Rd2 Kg7 25.Ng4 h5 26.Nxf6 Rxf6 27.Rxd7+ Bxd7 
28.Bxf6+ Qxf6 29.Qxd7+ Kf8 30.g3 Qf3 31.h4 Qg4 32.Qd6+ Kf7 33.Qxb6 Qd1+ 
34.Kh2 Qf1 35.Qc7+ Ke6 36.Qf4 Kd5 37.Qf7+ Ke5 38.Qf4+ Kd5 39.b5 Kc5 40.
Qg5+ Kb4 41.Qf4 Kxb5 42.Qe5+ 1/2-1/2

[Event "2nd American Continental"]
[Site "Buenos Aires ARG"]
[Date "2003.08.28"]
[Round "10"]
[White "Tobares, Leandro"]
[Black "Labollita, Martin"]
[Result "0-1"]
[WhiteElo "2283"]
[BlackElo "2454"]
[EventDate "2003.08.17"]
[PlyCount "60"]

1.d4 d5 2.c4 c6 3.Nf3 Nf6 4.e3 Bf5 5.Nc3 e6 6.Bd3 Bg6 7.O-O Nbd7 8.Bxg6 
hxg6 9.Qd3 Bb4 10.e4 Bxc3 11.exd5 Ba5 12.dxe6 fxe6 13.Qxg6+ Kf8 14.Bf4 Kg8
15.Ng5 Qe8 16.Qd3 e5 17.dxe5 Nxe5 18.Qb3 Ng6 19.Bg3 Rh5 20.Nf3 Qf7 21.h3 
Ne4 22.Bh2 Re8 23.Rad1 Kh8 24.Qc2 Nf4 25.Bxf4 Qxf4 26.Rd3 Re6 27.Nd4 Rg6 
28.Rf3 Qe5 29.Rf8+ Kh7 30.Nf3 Qe6 0-1

[Event "2nd American Continental"]
[Site "Buenos Aires ARG"]
[Date "2003.08.28"]
[Round "10"]
[White "Valerga, Diego"]
[Black "Dolezal, Cristian"]
[Result "1-0"]
[WhiteElo "2496"]
[BlackElo "2410"]
[EventDate "2003.08.17"]
[PlyCount "101"]

1.e4 e6 2.d4 d5 3.Nc3 Bb4 4.e5 f6 5.Qg4 Qe7 6.Nf3 Nc6 7.Bd2 Bd7 8.Bd3 
O-O-O 9.Qg3 fxe5 10.dxe5 d4 11.Ne4 Nh6 12.O-O-O Bxd2+ 13.Rxd2 Nb4 14.Bc4 
Bc6 15.Qg5 Qf7 16.Nxd4 Bd5 17.Bxd5 exd5 18.Nc5 Nxa2+ 19.Kb1 Nb4 20.c3 Nc6 
21.Nxc6 bxc6 22.e6 Qf5+ 23.Qxf5 Nxf5 24.Kc2 Nd6 25.Ra1 Nb7 26.Nd3 Kb8 27.
Ne5 Rd6 28.Nf7 Re8 29.Nxd6 cxd6 30.Re2 Re7 31.f4 Nc5 32.f5 Ne4 33.g4 Kc8 
34.Ra6 Rc7 35.g5 Kd8 36.h4 Ke7 37.Ra1 g6 38.fxg6 Kxe6 39.Rf1 hxg6 40.Rf6+ 
Ke5 41.Rxg6 Rh7 42.Rh6 Rg7 43.g6 Kf4 44.h5 Kf3 45.Rh7 Rg8 46.Kd1 Kg4 47.h6
Rxg6 48.Rg7 Kf5 49.Rh2 Ng5 50.h7 Nxh7 51.Rhxh7 1-0

[Event "2nd American Continental"]
[Site "Buenos Aires ARG"]
[Date "2003.08.28"]
[Round "10"]
[White "Varela, Daniel"]
[Black "Cruz Condori, Alfredo"]
[Result "0-1"]
[WhiteElo "2164"]
[BlackElo "2244"]
[EventDate "2003.08.17"]
[PlyCount "92"]

1.d4 Nf6 2.c4 e6 3.Nf3 b6 4.a3 Bb7 5.Bg5 Be7 6.Nc3 d5 7.e3 O-O 8.Qc2 Nbd7 
9.cxd5 exd5 10.Bd3 h6 11.h4 c5 12.O-O-O c4 13.Bf5 Re8 14.Bxf6 Nxf6 15.Ne5 
Bd6 16.f4 Bc8 17.g4 Bxf5 18.gxf5 b5 19.Qg2 Bf8 20.Rhg1 Rc8 21.Kb1 Re7 22.
Rd2 Rb7 23.e4 b4 24.axb4 Rxb4 25.exd5 Rb3 26.Ng4 Nxg4 27.Qxg4 Rcb8 28.Rg3 
Qa5 29.Rc2 Qb6 30.Rgg2 Qxd4 31.Rgd2 Qe3 32.Re2 Qd3 33.Ka1 Rxc3 34.Rxc3 
Qd1+ 35.Ka2 Rb6 36.Qf3 Qa4+ 37.Kb1 Ra6 38.Qe4 Qa1+ 39.Kc2 Ra2 40.Qxc4 
Rxb2+ 41.Kd3 Qd1+ 42.Ke3 Bc5+ 43.Kf3 Qf1+ 44.Kg4 Rxe2 45.Qxc5 Rg2+ 46.Rg3 
Qe2+ 0-1

[Event "2nd American Continental"]
[Site "Buenos Aires ARG"]
[Date "2003.08.28"]
[Round "10"]
[White "Whatley, Andrew"]
[Black "Fiori, Hector"]
[Result "1-0"]
[WhiteElo "2323"]
[BlackElo "2037"]
[EventDate "2003.08.17"]
[PlyCount "73"]

1.d4 Nf6 2.Nf3 c5 3.d5 e6 4.Nc3 exd5 5.Nxd5 Nxd5 6.Qxd5 Nc6 7.e4 Qe7 8.Bg5
f6 9.Bd2 d6 10.Bc4 Bd7 11.O-O O-O-O 12.Rfe1 Kc7 13.b4 Ne5 14.bxc5 Nxf3+ 
15.gxf3 dxc5 16.Bf4+ Kc8 17.Rab1 Bc6 18.Qe6+ Qxe6 19.Bxe6+ Bd7 20.Bd5 b6 
21.Re3 g5 22.Bg3 h5 23.h4 Rh7 24.hxg5 fxg5 25.Ra3 Be8 26.Rxb6 axb6 27.Ra8+
Kd7 28.Ra7+ Kc8 29.Rxh7 Bd6 30.Ra7 Bf4 31.c4 h4 32.Bxf4 gxf4 33.Rh7 Rd6 
34.Rxh4 Rf6 35.Rh8 Kd7 36.Rh7+ Kd6 37.e5+ 1-0

[Event "2nd American Continental"]
[Site "Buenos Aires ARG"]
[Date "2003.08.28"]
[Round "10"]
[White "Zapata, Alonso"]
[Black "Alzate, Dario"]
[Result "1-0"]
[WhiteElo "2543"]
[BlackElo "2426"]
[EventDate "2003.08.17"]
[PlyCount "51"]

1.e4 e5 2.Nf3 Nf6 3.Nxe5 d6 4.Nf3 Nxe4 5.Nc3 Nxc3 6.dxc3 Be7 7.Bf4 O-O 8.
Qd2 Nd7 9.O-O-O Nc5 10.Kb1 a5 11.Be3 Ne6 12.h4 Re8 13.Bd3 d5 14.Ng5 Nf8 
15.Qe2 Bf6 16.Qf3 c6 17.g4 Rxe3 18.fxe3 Bxg5 19.hxg5 Qxg5 20.Rdf1 f6 21.
Bf5 Bxf5 22.gxf5 Re8 23.Rh3 Nd7 24.Rg3 Qh4 25.Rfg1 Re7 26.Qg2 1-0

[Event "2nd American Continental"]
[Site "Buenos Aires ARG"]
[Date "2003.08.29"]
[Round "11"]
[White "Aguilar, Andres"]
[Black "Sosa Harrison, Jorge"]
[Result "1/2-1/2"]
[WhiteElo "2204"]
[BlackElo "2294"]
[EventDate "2003.08.17"]
[PlyCount "96"]

1.e4 c5 2.Nf3 d6 3.d4 cxd4 4.Nxd4 Nf6 5.Nc3 Nc6 6.Bg5 Bd7 7.Qd2 Rc8 8.
O-O-O Nxd4 9.Qxd4 Qa5 10.f4 h6 11.Bxf6 gxf6 12.Bc4 Qc5 13.Bb3 Qxd4 14.Rxd4
Rg8 15.g3 h5 16.a4 h4 17.Rd3 Rc5 18.Bd5 Rc7 19.Kd2 a6 20.Re1 hxg3 21.hxg3 
Rh8 22.Ke3 Bg4 23.Bb3 e6 24.Re2 Rh3 25.Rg2 Rc5 26.Nd1 Bxd1 27.Rxd1 f5 28.
exf5 Rxf5 29.Rd4 d5 30.Kf3 Rh1 31.Rdd2 Rf1+ 32.Rgf2 Rxf2+ 33.Rxf2 Rh5 34.
Kg2 Bd6 35.c3 Rh8 36.Rd2 b5 37.axb5 axb5 38.Bxd5 exd5 39.Rxd5 Ke7 40.Rxb5 
Ra8 41.c4 Ra1 42.Kf3 Rc1 43.b3 Rc3+ 44.Kg4 Ke6 45.Kh4 Be7+ 46.Kg4 Bd6 47.
Kh4 Be7+ 48.Kg4 Bd6 1/2-1/2

[Event "2nd American Continental"]
[Site "Buenos Aires ARG"]
[Date "2003.08.29"]
[Round "11"]
[White "Altamirano, Benjamin"]
[Black "Lemos, Damian"]
[Result "1/2-1/2"]
[WhiteElo "2333"]
[BlackElo "2206"]
[EventDate "2003.08.17"]
[PlyCount "47"]

1.c4 e5 2.g3 Nf6 3.Bg2 d5 4.cxd5 Nxd5 5.Nf3 Nc6 6.O-O Be7 7.d4 exd4 8.Nxd4
Nxd4 9.Qxd4 Nf6 10.Qa4+ Qd7 11.Qc2 c6 12.Rd1 Qc7 13.Bf4 Qb6 14.Be3 Qc7 15.
Nd2 Be6 16.Bf4 Qb6 17.Be3 Qc7 18.Nb3 O-O 19.Nc5 Bd5 20.Bf4 Qb6 21.Na4 Qb4 
22.Bxd5 Nxd5 23.a3 Qb5 24.Nc3 1/2-1/2

[Event "2nd American Continental"]
[Site "Buenos Aires ARG"]
[Date "2003.08.29"]
[Round "11"]
[White "Alzate, Dario"]
[Black "Duarte, Leonardo"]
[Result "0-1"]
[WhiteElo "2426"]
[BlackElo "2207"]
[EventDate "2003.08.17"]
[PlyCount "80"]

1.e4 c5 2.Nf3 e6 3.d4 cxd4 4.Nxd4 Nf6 5.Nc3 d6 6.Be2 Be7 7.O-O a6 8.f4 Qc7
9.Be3 Nc6 10.a4 O-O 11.Bf3 Nxd4 12.Qxd4 e5 13.Qd2 exf4 14.Bxf4 Be6 15.Kh1 
Nd7 16.Be2 Ne5 17.Be3 Rfc8 18.a5 Nd7 19.Bd4 Qd8 20.Qf4 Rc6 21.Bf3 Rc4 22.
Rfd1 Rxd4 23.Rxd4 Bf6 24.Qxd6 Be5 25.Qxe5 Nxe5 26.Rxd8+ Rxd8 27.Rd1 Rc8 
28.Be2 Kf8 29.Rd4 Nc6 30.Ra4 Rd8 31.Bd3 Ke7 32.Kg1 Rd4 33.Ra3 Ne5 34.Kf2 
Rb4 35.Na4 Bd7 36.Nb6 Rxb2 37.Ke3 Bc6 38.Kd4 Kd6 39.Ra1 Rb4+ 40.Kc3 Kc5 
0-1

[Event "2nd American Continental"]
[Site "Buenos Aires ARG"]
[Date "2003.08.29"]
[Round "11"]
[White "Andrade, Roberto Luiz Costa"]
[Black "Manzone, Alessandro jr"]
[Result "0-1"]
[WhiteElo "2309"]
[BlackElo "2119"]
[EventDate "2003.08.17"]
[PlyCount "82"]

1.e4 c5 2.Nf3 e6 3.d4 cxd4 4.Nxd4 Qb6 5.Na3 Bxa3 6.bxa3 Nf6 7.Qd3 a6 8.Be2
d6 9.O-O Nbd7 10.Nb3 Ne5 11.Qg3 O-O 12.Bd3 Ng6 13.Be3 Qc7 14.a4 e5 15.Qf3 
Bg4 16.Qg3 Be6 17.Qf3 Bg4 18.Qg3 Be6 19.f3 Nh5 20.Qe1 Bc4 21.g3 d5 22.Qe2 
Nf6 23.a5 Rac8 24.Rfc1 Qc6 25.Bg5 h6 26.Bd2 Rfd8 27.Be1 Nf8 28.Bf2 Ne6 29.
h4 dxe4 30.fxe4 h5 31.Bb6 Rd7 32.Rd1 Bxb3 33.axb3 Nd4 34.Bxd4 Rxd4 35.Rf1 
Rc7 36.Rf5 g6 37.Rxe5 Qc3 38.Rf1 Rxd3 39.Qxd3 Qxe5 40.Qd8+ Ne8 41.Qd3 Rc3 
0-1

[Event "2nd American Continental"]
[Site "Buenos Aires ARG"]
[Date "2003.08.29"]
[Round "11"]
[White "Arambel, Sergio Javier"]
[Black "Malbran, Guillermo"]
[Result "1/2-1/2"]
[WhiteElo "2245"]
[BlackElo "2345"]
[EventDate "2003.08.17"]
[PlyCount "47"]

1.c4 e5 2.g3 Nf6 3.Bg2 c6 4.d4 exd4 5.Qxd4 d5 6.Nf3 Be6 7.cxd5 cxd5 8.O-O 
Nc6 9.Qd1 Be7 10.Be3 Ng4 11.Bd4 O-O 12.Nc3 Nf6 13.Rc1 Rc8 14.Qd3 Ne4 15.
Nxe4 dxe4 16.Qxe4 Bxa2 17.Bh3 Rc7 18.Bc3 Bf6 19.Rfd1 Qe7 20.Qxe7 Rxe7 21.
Bxf6 gxf6 22.e3 Be6 23.Bg2 Rc8 24.Nd4 1/2-1/2

[Event "2nd American Continental"]
[Site "Buenos Aires ARG"]
[Date "2003.08.29"]
[Round "11"]
[White "Benko, Francisco"]
[Black "Iregui, Victor"]
[Result "1/2-1/2"]
[WhiteElo "2142"]
[BlackElo "2151"]
[EventDate "2003.08.17"]
[PlyCount "23"]

1.e4 c5 2.Nc3 Nc6 3.g3 e6 4.Bg2 Nf6 5.f4 d5 6.e5 Nd7 7.d3 a6 8.Nf3 b5 9.
Ne2 Bb7 10.O-O Be7 11.c3 d4 12.Nd2 1/2-1/2

[Event "2nd American Continental"]
[Site "Buenos Aires ARG"]
[Date "2003.08.29"]
[Round "11"]
[White "Bentancor, Franco German"]
[Black "Crosa Coll, Martin"]
[Result "0-1"]
[WhiteElo "2177"]
[BlackElo "2412"]
[EventDate "2003.08.17"]
[PlyCount "63"]

1.e4 c5 2.b3 d5 3.exd5 Qxd5 4.Nc3 Qd6 5.Nf3 Nc6 6.Bc4 Nf6 7.O-O a6 8.Re1 
e6 9.a4 Be7 10.Ba3 Nd4 11.Ne4 Nxe4 12.Rxe4 Nxf3+ 13.Qxf3 Bd7 14.Ree1 Bc6 
15.Qe2 O-O 16.Bb2 Qf4 17.Be5 Qh6 18.Rad1 Qg6 19.f4 Qxc2 20.Bd3 Qxb3 21.
Bxh7+ Kxh7 22.Qh5+ Kg8 23.Bxg7 Kxg7 24.Qg4+ Kh6 25.Re3 Qxe3+ 26.dxe3 Bxg2 
27.f5 Rg8 28.Qf4+ Bg5 29.Qg3 Bd5 30.Kf2 Kh5 31.Qh3+ Bh4+ 32.Ke2 0-1

[Event "2nd American Continental"]
[Site "Buenos Aires ARG"]
[Date "2003.08.29"]
[Round "11"]
[White "Burijovich, Liliana"]
[Black "Marcolino, Daniel Mattos"]
[Result "1-0"]
[WhiteElo "2195"]
[BlackElo "2055"]
[EventDate "2003.08.17"]
[PlyCount "75"]

1.e4 c6 2.d4 d5 3.Nd2 dxe4 4.Nxe4 Nd7 5.Nf3 Ngf6 6.Ng3 e6 7.Bd3 Bd6 8.O-O 
O-O 9.Re1 Qc7 10.Qe2 Re8 11.Ne5 Nf8 12.Bd2 b6 13.a4 Bb7 14.a5 Rad8 15.b4 
b5 16.f4 Nd5 17.a6 Ba8 18.Qg4 Nxb4 19.Nh5 f5 20.Nf6+ Kh8 21.Nxe8 Rxe8 22.
Qe2 Rc8 23.c3 Bxe5 24.fxe5 Nxd3 25.Qxd3 Nd7 26.c4 bxc4 27.Qxc4 Re8 28.Ba5 
Qc8 29.Rac1 c5 30.Qb5 Bc6 31.Qc4 Ba8 32.dxc5 Qc6 33.Rc2 g5 34.Rd1 Kg8 35.
Qd4 Nf8 36.Bd8 f4 37.Bxg5 f3 38.Bh6 1-0

[Event "2nd American Continental"]
[Site "Buenos Aires ARG"]
[Date "2003.08.29"]
[Round "11"]
[White "Caceres Vasquez, Sergio"]
[Black "Varela, Daniel"]
[Result "0-1"]
[WhiteElo "2201"]
[BlackElo "2164"]
[EventDate "2003.08.17"]
[PlyCount "62"]

1.d4 d5 2.c4 e6 3.Nc3 c5 4.cxd5 exd5 5.Nf3 Nc6 6.g3 Nf6 7.Bg2 Be7 8.O-O 
O-O 9.Bg5 cxd4 10.Nxd4 h6 11.Be3 Re8 12.Rc1 Bf8 13.Nxc6 bxc6 14.Na4 Bd7 
15.Bc5 Ne4 16.Bxf8 Kxf8 17.Qd4 Ng5 18.e3 Kg8 19.Nc5 Bh3 20.Kh1 Bxg2+ 21.
Kxg2 Qc8 22.Qh4 Qf5 23.Qh5 Rab8 24.b3 Kh7 25.h4 Qh3+ 26.Kg1 Rb4 27.Qe2 
Rxh4 28.gxh4 Nf3+ 29.Qxf3 Qxf3 30.Rfd1 Re5 31.Rd4 Rxe3 0-1

[Event "2nd American Continental"]
[Site "Buenos Aires ARG"]
[Date "2003.08.29"]
[Round "11"]
[White "Campitelli, Guillermo"]
[Black "Lo Presti, Roberto"]
[Result "1-0"]
[WhiteElo "2190"]
[BlackElo "2042"]
[EventDate "2003.08.17"]
[PlyCount "99"]

1.d4 Nf6 2.c4 e6 3.Nc3 Bb4 4.Qc2 O-O 5.a3 Bxc3+ 6.Qxc3 b6 7.Bg5 Bb7 8.f3 
d5 9.e3 h6 10.Bh4 c5 11.dxc5 bxc5 12.cxd5 Bxd5 13.Bf2 Nbd7 14.e4 Bb7 15.
Bd3 Qe7 16.Ne2 Rfc8 17.O-O a5 18.a4 Nb6 19.b3 Nfd7 20.Rfc1 Ba6 21.Bxa6 
Rxa6 22.Qd3 Raa8 23.Qb5 Qd6 24.Rc2 Qc6 25.Rac1 Qxb5 26.axb5 a4 27.bxa4 
Nxa4 28.Rd2 Ndb6 29.Rd6 Ra5 30.Rb1 Kf8 31.Be1 Raa8 32.Nf4 g5 33.Ne2 Ke7 
34.Rdd1 Rd8 35.Rdc1 Rd3 36.h4 f6 37.h5 Rc8 38.Bf2 c4 39.Nd4 c3 40.Nc6+ Kd6
41.Rb3 Nc4 42.Be1 Nd2 43.Ra3 Ra8 44.Nb4 Rd4 45.Nc2 Rc4 46.Ne3 Rcc8 47.Bxd2
cxd2 48.Rd3+ Ke5 49.Ng4+ Kf4 50.Kh2 1-0

[Event "2nd American Continental"]
[Site "Buenos Aires ARG"]
[Date "2003.08.29"]
[Round "11"]
[White "Campora, Daniel Hugo"]
[Black "Szmetan, Ricardo"]
[Result "1-0"]
[WhiteElo "2510"]
[BlackElo "2288"]
[EventDate "2003.08.17"]
[PlyCount "41"]

1.e4 g6 2.d4 c6 3.c4 Bg7 4.Nc3 d6 5.Be3 Nf6 6.f3 e5 7.dxe5 dxe5 8.Qxd8+ 
Kxd8 9.Nge2 Kc7 10.Nc1 Nbd7 11.Nd3 b6 12.Be2 Bb7 13.O-O Nf8 14.a4 Ne6 15.
b3 c5 16.Rac1 a5 17.Rfd1 Bc6 18.Nb5+ Bxb5 19.cxb5 Bf8 20.Rc2 Be7 21.b4 1-0

[Event "2nd American Continental"]
[Site "Buenos Aires ARG"]
[Date "2003.08.29"]
[Round "11"]
[White "Castaneda, Carlos"]
[Black "Restuccia, Francisco"]
[Result "0-1"]
[WhiteElo "2148"]
[BlackElo "2239"]
[EventDate "2003.08.17"]
[PlyCount "73"]

1.d4 Nf6 2.c4 c5 3.d5 b5 4.cxb5 a6 5.f3 axb5 6.e4 Qa5+ 7.b4 Qxb4+ 8.Bd2 
Qa4 9.Qc1 Qa7 10.Bxb5 e6 11.Nc3 Be7 12.Nge2 O-O 13.O-O Na6 14.Bg5 c4+ 15.
Kh1 Qc5 16.Be3 Qc7 17.Nd4 Nb4 18.g4 Bb7 19.dxe6 dxe6 20.Na4 Rac8 21.Ne2 
Nd3 22.Qc2 Nxg4 23.Bg1 Nge5 24.Nb6 Nxf3 25.Ng3 Nfe5 26.Nxc8 Rxc8 27.a4 h5 
28.Qe2 h4 29.Nh5 Ng6 30.Bd4 e5 31.Bc3 Ngf4 32.Nxf4 Nxf4 33.Qf3 Bf6 34.Rae1
Rd8 35.Qg4 Bc8 36.Qg1 Rd3 37.Rxf4 0-1

[Event "2nd American Continental"]
[Site "Buenos Aires ARG"]
[Date "2003.08.29"]
[Round "11"]
[White "Cerda Albornoz, Guillermo"]
[Black "Plazaola, Maria De los Angeles"]
[Result "1/2-1/2"]
[WhiteElo "2224"]
[BlackElo "2047"]
[EventDate "2003.08.17"]
[PlyCount "111"]

1.e4 c5 2.Nf3 Nc6 3.d4 cxd4 4.Nxd4 Nf6 5.Nc3 e5 6.Ndb5 d6 7.Nd5 Nxd5 8.
exd5 Nb8 9.c4 Be7 10.Bd3 O-O 11.O-O f5 12.f3 Nd7 13.Be3 a6 14.Nc3 Qe8 15.
b4 Qh5 16.f4 Qh6 17.Qd2 e4 18.Be2 Rb8 19.a4 Qf6 20.Rfd1 b6 21.Bf1 h6 22.
Ne2 Rb7 23.Nd4 Nb8 24.Nb3 Bd8 25.a5 bxa5 26.Nxa5 Rbf7 27.c5 Nd7 28.Nc6 g5 
29.Na7 Nxc5 30.Nxc8 Nb3 31.Qa2 Nxa1 32.Qxa1 Qxa1 33.Rxa1 Bf6 34.Rc1 Rb7 
35.Nxd6 Rxb4 36.Nxf5 Rb3 37.d6 Rxe3 38.Bc4+ Kh8 39.Nxe3 Bd4 40.Kf1 Bxe3 
41.Rd1 Bxf4 42.Ke2 Bxh2 43.Rh1 Bg3 44.Rxh6+ Kg7 45.Re6 Rf2+ 46.Ke3 Rxg2 
47.d7 Bf4+ 48.Kxe4 Rd2 49.Bd3 Bc7 50.Re8 g4 51.d8=Q Bxd8 52.Rxd8 g3 53.Rd5
g2 54.Rg5+ Kf6 55.Rg3 a5 56.Ke3 1/2-1/2

[Event "2nd American Continental"]
[Site "Buenos Aires ARG"]
[Date "2003.08.29"]
[Round "11"]
[White "Claverie, Raul"]
[Black "Daneri, Martin"]
[Result "1/2-1/2"]
[WhiteElo "2303"]
[BlackElo "2175"]
[EventDate "2003.08.17"]
[PlyCount "120"]

1.e4 e6 2.Qe2 c5 3.Nf3 Nc6 4.d3 Nf6 5.Nbd2 d5 6.g3 Be7 7.Bg2 b6 8.O-O Qc7 
9.Re1 Bb7 10.exd5 Nxd5 11.Nc4 O-O 12.c3 h6 13.a4 a6 14.Nfe5 Nxe5 15.Qxe5 
Qd8 16.Qe2 Qc7 17.Qg4 Nf6 18.Qf4 Qxf4 19.Bxf4 Bxg2 20.Kxg2 Nd5 21.Bc1 Rfd8
22.Kf3 Bf6 23.Rd1 Kf8 24.Ne3 Nxe3 25.Bxe3 Rac8 26.Ra3 Ke8 27.Rb3 Rc6 28.
Ke2 Rd5 29.a5 b5 30.c4 bxc4 31.dxc4 Rxd1 32.Kxd1 Bd8 33.Rb8 Kd7 34.Bd2 Rc8
35.Rb3 Kc6 36.Rf3 Rc7 37.Kc2 Rd7 38.Bc3 g6 39.g4 Bg5 40.Rd3 Rxd3 41.Kxd3 
f5 42.f3 Kd6 43.Be1 h5 44.h3 Kc6 45.Bc3 Bd8 46.b4 cxb4 47.Bxb4 Bc7 48.Kd4 
Bg3 49.gxh5 gxh5 50.Kd3 Bc7 51.Kd4 Bf4 52.Be1 Bd6 53.Bf2 Kd7 54.Be1 Kc6 
55.Bc3 Be7 56.Be1 e5+ 57.Kd3 Kc5 58.Bc3 Bd6 59.Be1 Bc7 60.Bd2 Kd6 1/2-1/2

[Event "2nd American Continental"]
[Site "Buenos Aires ARG"]
[Date "2003.08.29"]
[Round "11"]
[White "Cruz Condori, Alfredo"]
[Black "Bronstein, Luis Marcos"]
[Result "0-1"]
[WhiteElo "2244"]
[BlackElo "2325"]
[EventDate "2003.08.17"]
[PlyCount "200"]

1.e4 e5 2.Nf3 Nc6 3.Bb5 a6 4.Ba4 Nf6 5.O-O Be7 6.Re1 b5 7.Bb3 d6 8.h3 Na5 
9.d4 exd4 10.e5 dxe5 11.Nxe5 O-O 12.Bd2 Nxb3 13.Nc6 Nxa1 14.Nxd8 Bxd8 15.
Bb4 Re8 16.Rxe8+ Nxe8 17.Nd2 Nd6 18.Qxa1 Bf5 19.Qd1 Rc8 20.Bc5 Bf6 21.g4 
Bg6 22.f4 Nb7 23.Ba7 Ra8 24.f5 Rxa7 25.fxg6 hxg6 26.Nf3 Ra8 27.g5 Be7 28.
Ne5 Nd6 29.Qxd4 Bxg5 30.Qd5 Re8 31.Kg2 Bf6 32.Nxg6 Bxb2 33.h4 Nc4 34.Kf2 
Bf6 35.h5 Rd8 36.Qc6 fxg6 37.hxg6 Ne5 38.Qxc7 Nxg6 39.Qc6 Kh7 40.Qxa6 Rd2+
41.Kg3 Rxc2 42.Qxb5 Be5+ 43.Kg4 Rxa2 44.Qe8 Rf2 45.Qa8 Rf4+ 46.Kh3 Kh6 47.
Qc6 Bf6 48.Qc1 Bg5 49.Qc6 Rf6 50.Qa8 Rf8 51.Qc6 Bf6 52.Qc1+ Kh7 53.Qc5 Ne7
54.Kg4 g6 55.Qc7 Kg7 56.Qa7 Rd8 57.Qb7 Rd4+ 58.Kf3 g5 59.Ke3 Kg6 60.Qb5 
Nf5+ 61.Kf2 g4 62.Qe8+ Kg5 63.Qg8+ Kf4 64.Qb8+ Be5 65.Qc8 g3+ 66.Ke2 g2 
67.Qc1+ Kg4 68.Kf2 Bf4 69.Qc3 Rd2+ 70.Qxd2 Bxd2 71.Kxg2 Ng3 72.Kh2 Kf3 73.
Kg1 Be3+ 74.Kh2 Bd4 75.Kh3 Bg1 76.Kh4 Ne4 77.Kh3 Nc5 78.Kh4 Bh2 79.Kh3 Bf4
80.Kh4 Kg2 81.Kg4 Bg3 82.Kf5 Kh3 83.Kg5 Bc7 84.Kf5 Kh4 85.Kg6 Kg4 86.Kf6 
Kf4 87.Kg6 Bd8 88.Kf7 Kf5 89.Ke8 Bg5 90.Kf7 Nd7 91.Kg7 Ne5 92.Kf8 Ke6 93.
Ke8 Kd6 94.Kf8 Kd7 95.Kg8 Bh6 96.Kh7 Bf8 97.Kg8 Ke8 98.Kh8 Kf7 99.Kh7 Nd7 
100.Kh8 Bg7+ 0-1